000 00334 a2200121 4500
005 20250318081532.0
082 _a658.87 JEN
100 _aJENSEN, E. A.
245 _aMore Report Profit From Your Stock: A Guide for the Retailer
260 _aBrighton,
_bJensen, E. A.
_c1968.
300 _avii, 127p.: ill.; table
_c22cm.
942 _2ddc
_cBKS
999 _c856
_d856